00486nam a22001697a 450000500170000001000150001702000260003203500140005803700130007208200130008510000240009824500550012226000370017727000540021430000270026850000210029520180514102405.0 aENG-122987 a9789386338839c399.00 aEN-106519 bDABD/PUB a641.3384 aSen, Colleen Taylor aCurry :cby Colleen Taylor Senba global history / aNew DelhibSpeaking Tiger c2009 a4381/4 Ansari Road, Daryaganj,bNew Delhie110002 a144p.c20cm(pbk)bill. aIt include index